01017nam a2200253 a 450000100060000000300080000600500170001400800410003102000150007203500190008704000320010604100080013808200270014610000420017324501590021526000410037430000250041550400400044065000350048065000420051570000760055774000520063383000780068555366BD-TJUL20211209080244.0161116s1970 enk bs 000 0 eng  a0521077192 a(BD-TJUL)55488 aDLCcDLCdm.cdBD-TJULbeng aeng 223a339.0942bBOA 19701 aBowers, J. K.q(John Kenneth),d1938-14aThe Anatomy of Regional Activity Rates :bRegional Social Accounts for the United Kingdom /cby John Bowers; by V.H.Woodward, with a foreword by A.J.Brown aCambridge :bUniversity Press,c1970 axiv, 176 p. ;c23 cm aIncludes bibliographical references 0aNational incomezGreat Britain 0aGross national productzGreat Britain12aWoodward, V. H.tRegional social accounts for the United Kingdom. 1970.0 aRegional social accounts for the United Kingdom 0aRegional papers (National Institute of Economic and Social Research) ;v1